00342nam a22001331a 4500020002100000040002600021050001500047245005300062260002900115300001200144500001500156600003400171852000300205 a0564028339c0.00 aNEGST Library - Kenya aBS 325.N93 aMhola ya chelu yamwa Guku na mupizya wish[Text] bThe Bible Society of Tan a520 p.; a[Africana] aBible. N. T. Nyamwezi - Texts